Design : Vrcholy světového designu 19. a 20. století /

Guardado en:
Detalles Bibliográficos
Autor principal: Wilkinson, Philip (Autor)
Formato: Libro
Lenguaje:checo
inglés
Publicado: Praha : Knižní klub, 2014
Edición:1. vyd.
Materias:
Etiquetas: Agregar Etiqueta
Sin Etiquetas, Sea el primero en etiquetar este registro!

MARC

LEADER 00000nam a22000003a 4500
001 0022569
003 SK-STU
005 20190405154729.6
007 ta
008 170313s ----xo-----e------000-0-----d
020 |a 978-80-242-4547-8 
040 |a STU  |b slo 
041 0 |a cze  |h eng 
044 |a xr 
100 1 |a Wilkinson, Philip  |4 aut  |r Z6 
245 1 0 |a Design :  |b Vrcholy světového designu 19. a 20. století /  |c aut. Philip Wilkinson 
250 |a 1. vyd. 
260 |a Praha :  |b Knižní klub,  |c 2014 
300 |a 256 s. 
650 0 7 |a dizajn výrobkov 
650 0 7 |a história a dejiny dizajnu 
996 |b 284AU06939  |c A* 10074/U  |l AAKNST  |s P  |a 0  |w 0022569_0001 
996 |b 284AU07835  |c A* 11094/U  |l AAKNAR  |s A  |a 24  |w 0022569_0002